<?xml version="1.0" encoding="UTF-8"?><?xml-stylesheet type="text/xsl" href="static/style.xsl"?><OAI-PMH xmlns="http://www.openarchives.org/OAI/2.0/" xmlns:xsi="http://www.w3.org/2001/XMLSchema-instance" xsi:schemaLocation="http://www.openarchives.org/OAI/2.0/ http://www.openarchives.org/OAI/2.0/OAI-PMH.xsd"><responseDate>2026-04-18T03:42:17Z</responseDate><request verb="GetRecord" identifier="oai:www.recercat.cat:10459.1/83702" metadataPrefix="marc">https://recercat.cat/oai/request</request><GetRecord><record><header><identifier>oai:recercat.cat:10459.1/83702</identifier><datestamp>2024-12-05T21:36:17Z</datestamp><setSpec>com_2072_3622</setSpec><setSpec>col_2072_479130</setSpec></header><metadata><record xmlns="http://www.loc.gov/MARC21/slim" xmlns:dcterms="http://purl.org/dc/terms/" xmlns:xsi="http://www.w3.org/2001/XMLSchema-instance" xmlns:doc="http://www.lyncode.com/xoai" xsi:schemaLocation="http://www.loc.gov/MARC21/slim http://www.loc.gov/standards/marcxml/schema/MARC21slim.xsd">
   <leader>00925njm 22002777a 4500</leader>
   <datafield ind2=" " ind1=" " tag="042">
      <subfield code="a">dc</subfield>
   </datafield>
   <datafield ind2=" " ind1=" " tag="720">
      <subfield code="a">Boquera, Laura</subfield>
      <subfield code="e">author</subfield>
   </datafield>
   <datafield ind2=" " ind1=" " tag="720">
      <subfield code="a">Castro Chicot, José Ramón</subfield>
      <subfield code="e">author</subfield>
   </datafield>
   <datafield ind2=" " ind1=" " tag="720">
      <subfield code="a">Pisello, Anna Laura</subfield>
      <subfield code="e">author</subfield>
   </datafield>
   <datafield ind2=" " ind1=" " tag="720">
      <subfield code="a">Fabiani, Claudia</subfield>
      <subfield code="e">author</subfield>
   </datafield>
   <datafield ind2=" " ind1=" " tag="720">
      <subfield code="a">D'Alessandro, Antonella</subfield>
      <subfield code="e">author</subfield>
   </datafield>
   <datafield ind2=" " ind1=" " tag="720">
      <subfield code="a">Ubertini, Filippo</subfield>
      <subfield code="e">author</subfield>
   </datafield>
   <datafield ind2=" " ind1=" " tag="720">
      <subfield code="a">Cabeza, Luisa F.</subfield>
      <subfield code="e">author</subfield>
   </datafield>
   <datafield ind2=" " ind1=" " tag="260">
      <subfield code="c">2022-08-23T07:15:27Z</subfield>
   </datafield>
   <datafield ind2=" " ind1=" " tag="260">
      <subfield code="c">2022</subfield>
   </datafield>
   <datafield ind2=" " ind1=" " tag="260">
      <subfield code="c">2022-08-23T07:15:27Z</subfield>
   </datafield>
   <datafield ind2=" " ind1=" " tag="520">
      <subfield code="a">The incorporation of recycled materials in concrete as a partial replacement of cement is becoming an alternative strategy for decreasing energy-intensive and CO2 emissions imputable to the cement manufacture, while investigating new potential uses of such multifunctional materials for environmental sustainability opportunities. Therefore, low-cost and worldwide availability of by-products materials is being assessed for sensible heat thermal energy storage applications based on cementitious materials. A greater concern is especially required focusing on the thermal stability of cement paste under high temperature cycled conditions. Moreover, compatibility between cement type and supplementary cementitious materials is determinant for the proper performance reliability. In this study, benchmark cement types were selected, i.e., ordinary Portland and calcium aluminate. Six supplementary cementitious materials were added to both types of cement in a content of 10 % and 25 %. Thermo-mechanical properties were studied before and after 10 thermal cycles from 290 to 650 ◦C. Results after thermal cycling showed that calcium aluminate cement paste mixtures maintained their integrity. However, most ordinary Portland cement paste mixtures were deteriorated: only mixtures with 25 % cement replacement with chamotte, flay ash, and ground granulated blast furnace slag remained without cracks. Calcium aluminate cement paste mixtures obtained the highest compressive strength, for partial replacement of cement with 10 % of chamotte, ground granulated blast furnace slag, and iron silicate. The incorporation of supplementary cementitious materials did not increase the thermal conductivity.</subfield>
   </datafield>
   <datafield ind2=" " ind1=" " tag="520">
      <subfield code="a">This work was partially funded by the Ministerio de Ciencia, Innovación y Universidades de España (RTI2018-093849-B-C31 - MCIU/AEI/FEDER, UE) and by the Ministerio de Ciencia, Innovación y Universidades - Agencia Estatal de Investigación (AEI) (RED2018-102431-T). The authors at University of Lleida would like to thank the Catalan Government for the quality accreditation given to their research group (2017 SGR 1537). GREiA is certified agent TECNIO in the category of technology developers from the Government of Catalonia. This work is partially supported by ICREA under the ICREA Academia programme and by the Italian project ‘SOS-CITTA’ supported by Fondazione Cassa di Risparmio di Perugia under grant agreement No 2018.0499.026. Laura Boquera acknowledgments are due to the PhD school in Energy and Sustainable Development from University of Perugia. Laura Boquera would like to acknowledge the financial support provided by UNIPG – CIRIAF InpathTES project. The authors also thank the companies that provided the material to make possible this experimental research: Arciresa, Abrasivos Mendiola EDERSA—Masaveu Industria, General Admixtures S.p.A, Mapei, Ciments Molins industrial, and Promsa for the material supplied in this research. Financial support of the UNIPG-CIRIAF team has been achieved from the Italian Ministry of University and Research (MUR) in the framework of the Project FISR 2019: “Eco Earth” (code 00245) and it is gratefully acknowledged.</subfield>
   </datafield>
   <datafield ind1="8" ind2=" " tag="024">
      <subfield code="a">http://hdl.handle.net/10459.1/83702</subfield>
   </datafield>
   <datafield tag="653" ind2=" " ind1=" ">
      <subfield code="a">Cement paste</subfield>
   </datafield>
   <datafield tag="653" ind2=" " ind1=" ">
      <subfield code="a">Calcium aluminate cement</subfield>
   </datafield>
   <datafield tag="653" ind2=" " ind1=" ">
      <subfield code="a">Portland cement</subfield>
   </datafield>
   <datafield tag="653" ind2=" " ind1=" ">
      <subfield code="a">Supplementary cementitious materials</subfield>
   </datafield>
   <datafield tag="653" ind2=" " ind1=" ">
      <subfield code="a">High temperature</subfield>
   </datafield>
   <datafield tag="653" ind2=" " ind1=" ">
      <subfield code="a">Thermal energy storage</subfield>
   </datafield>
   <datafield ind2="0" ind1="0" tag="245">
      <subfield code="a">Thermo-mechanical stability of supplementary cementitious materials in cement paste to be incorporated in concrete as thermal energy storage material at high temperatures</subfield>
   </datafield>
</record></metadata></record></GetRecord></OAI-PMH>